| 000 | 00504nam a22001817a 4500 | ||
|---|---|---|---|
| 003 | CEME | ||
| 005 | 20210628204134.0 | ||
| 008 | 210112b xxu||||| |||| 00| 0 eng d | ||
| 020 | _a9780123751126 | ||
| 040 | _cceme | ||
| 082 | _a530 MOR | ||
| 100 |
_aMorrison, John.C _968894 |
||
| 245 | _aModern physics for scientists and engineers | ||
| 260 |
_aCHINA _bELSEVIER _c2010 |
||
| 300 | _aXXXVII, 447P | ||
| 650 |
_aMODERN PHYSICS FOR SCIENTISTS.MODERN PHYSICS FOR ENGINEERS _968895 |
||
| 942 |
_cBK _2ddc |
||
| 999 |
_c576352 _d576352 |
||